The best-kept teaching secret: how written conversations engage kids, activate learning, and grow fluent writers, K – 12
Salvato in:
| Autore principale: | |
|---|---|
| Natura: | Libro |
| Lingua: | inglese |
| Pubblicazione: |
Corwin,
2013.
|
| Tags: |
Aggiungi Tag
Nessun Tag, puoi essere il primo ad aggiungerne!!
|
MARC
| LEADER | 00000nam a22000007a 4500 | ||
|---|---|---|---|
| 008 | 210528b ||||| |||| 00| 0 eng d | ||
| 020 | |a 978-1-4522-6863-7 | ||
| 100 | |a DANIELS, Harvey. | ||
| 245 | |a The best-kept teaching secret: |b how written conversations engage kids, activate learning, and grow fluent writers, K – 12 |c Harvey “ Smokey” Daniels & Elaine Daniels. |g ix, 229p. ; ill. | ||
| 260 | |b Corwin, |c 2013. |h Thousand Oaks, California: |i 692547 |i 692548 |l LB1576 .D22 |m English language – Composition and exercises – Study and teaching (Elementary). |m Letter writing – Study and teaching (Elementary). |m Communication in education. |m Active learning. | ||
| 500 | |a “It includes references and index”. | ||
| 942 | |a lcc |c BK |e Adeniran, F. A. |f 28/05/2021 | ||
| 952 | |0 0 |1 0 |2 ddc |4 0 |6 LB_1576_000000000000000__D22 |7 0 |9 2493 |a HOL |b ART |c LP |d 2021-05-28 |l 0 |o LB1576 .D22 |p 2021-6345 |r 2021-05-28 00:00:00 |w 2021-05-28 |y BK | ||
| 952 | |0 0 |1 0 |2 ddc |4 0 |6 LB_1576_000000000000000__D22 |7 0 |9 2494 |a HOL |b HOL |c LP |d 2021-05-28 |l 0 |o LB1576 .D22 |p 2021-6346 |r 2021-05-28 00:00:00 |w 2021-05-28 |y BK | ||
| 999 | |c 1298 |d 1298 | ||